[Event "Cairo Egyptian op"]
[Site "Cairo"]
[Date "2016.04.28"]
[Round "9"]
[White "Abdou, Mohamed Hamdy"]
[Black "Maher, Anton"]
[Result "1-0"]
[WhiteElo "2102"]
[BlackElo "1795"]
[PlyCount "64"]
[EventDate "2016.04.22"]
[EventType "swiss"]
[EventRounds "9"]
[EventCountry "EGY"]
[SourceTitle "CBM 172 Extra"]
[Source "ChessBase"]
[SourceDate "2016.06.21"]
[SourceVersion "1"]
[SourceVersionDate "2016.06.21"]
[SourceQuality "1"]

1. c4 c5 2. Nf3 Nc6 3. g3 g6 4. Bg2 Bg7 5. 0-0 Nf6 6. d4 0-0 7. Nc3 cxd4 8. Nxd4 e5 9. Ndb5 Ne8 10. Ne4 f5 11. Bg5 Ne7 12. Ned6 Nf6 13. Qd2 a6 14. Nc3 Rb8 15. Rad1 Qc7 16. Nd5 Nexd5 17. Bxd5+ Kh8 18. Nf7+ Rxf7 19. Bxf7 Ne4 20. Qe3 b5 21. Rc1 bxc4 22. Rxc4 Qa5 23. Qa7 Qb5 24. Be3 Bf8 25. Rfc1 Nd6 26. Rc5 Qxb2 27. Bb3 Rb7 28. Qa8 f4 29. Rxc8 fxe3 30. Rxf8+ Kg7 31. Rg8+ Kh6 32. Qf8+ Kh5 1-0

[Event "Cairo Egyptian op"]
[Site "Cairo"]
[Date "2016.04.25"]
[Round "5"]
[White "Abdou, Mohamed Hamdy"]
[Black "Fadi, Marko"]
[Result "0-1"]
[WhiteElo "2102"]
[BlackElo "2276"]
[PlyCount "69"]
[EventDate "2016.04.22"]
[EventType "swiss"]
[EventRounds "9"]
[EventCountry "EGY"]
[SourceTitle "CBM 172 Extra"]
[Source "ChessBase"]
[SourceDate "2016.06.21"]
[SourceVersion "1"]
[SourceVersionDate "2016.06.21"]
[SourceQuality "1"]

1. Nf3 g6 2. e4 Bg7 3. d4 d6 4. Nc3 a6 5. a4 b6 6. Bc4 e6 7. Bg5 Ne7 8. Qd2 h6 9. Bf4 Bb7 10. 0-0-0 Nd7 11. h4 b5 12. Bd3 b4 13. Ne2 Nf6 14. Ng3 a5 15. h5 g5 16. Nxg5 hxg5 17. Bxg5 Nh7 18. h6 Bf6 19. Be3 Qd7 20. e5 Qxa4 21. Qe2 Qa1+ 22. Kd2 Qxb2 23. Rb1 Qc3+ 24. Kd1 dxe5 25. Nh5 e4 26. Bb5+ c6 27. Nxf6+ Nxf6 28. Ba4 Ba6 29. Qd2 Nfd5 30. Bb3 Bc4 31. Qc1 a4 32. Bxc4 Qxc4 33. Bd2 Nc3+ 34. Ke1 Nxb1 35. Qxb1 0-1

[Event "Cairo Egyptian op"]
[Site "Cairo"]
[Date "2016.04.22"]
[Round "1"]
[White "Abdou, Mohamed Hamdy"]
[Black "Anwar, Ramadan"]
[Result "1-0"]
[WhiteElo "2102"]
[BlackElo "1740"]
[PlyCount "67"]
[EventDate "2016.04.22"]
[EventType "swiss"]
[EventRounds "9"]
[EventCountry "EGY"]
[SourceTitle "CBM 172 Extra"]
[Source "ChessBase"]
[SourceDate "2016.06.21"]
[SourceVersion "1"]
[SourceVersionDate "2016.06.21"]
[SourceQuality "1"]

1. c4 e6 2. Nf3 Nf6 3. g3 d5 4. Bg2 Bd6 5. 0-0 0-0 6. d4 c5 7. e3 Nc6 8. b3 h6 9. Bb2 cxd4 10. exd4 Ne4 11. Nbd2 f5 12. a3 Ne7 13. b4 Qe8 14. Ne5 Ng6 15. Bf3 Nf6 16. Re1 Bxe5 17. dxe5 Ne4 18. Bh5 Kh7 19. cxd5 exd5 20. Nf3 Be6 21. Nh4 Bf7 22. e6 Qxe6 23. Qd4 Qf6 24. Nxf5 Qxd4 25. Bxd4 Nf6 26. Bf3 b6 27. Rac1 Rac8 28. Nd6 Rxc1 29. Rxc1 Bg8 30. Rc7 Nh8 31. Rxa7 Nf7 32. Bxf6 gxf6 33. Bxd5 h5 34. Nxf7 1-0